01449cam a22003733a 4500999001700000001000900017003000900026005001700035008004100052020002200093020001800115035002300133040005500156082002000211100002900231245014400260246004700404264006300451264001000514300004400524336002600568337002800594338002700622504005100649650003700700650003600737650003800773653002400811655002400835700002900859906004500888942001200933952013000945 c28560d2853113954511EG-ScBUE20200816114738.0050506t2006 njua f b 001 0 eng d a0131855220 (pbk.) a9780131855229 a(OCoLC)ocm61424781 aUKMbengerdacUKMdBAKERdOCOdWTUdDLCdEG-ScBUE04a005.43bHER2221 aHerington, Dan,eauthor.14aThe HP virtual server environment :bmaking the adaptive enterprise vision a reality in your datacenter /cDan Herington and Bryan Jacquot.3 aHewlett-Packard virtual server environment 1aUpper Saddle River, NJ :bPearson Education, Inc.,c[2006] 4cc2006 axx, 529 pages :billustrations ;c24 cm 2rdacontentatextbtxt 2rdamediaaunmediatedbn 2rdacarrieravolumebnc aIncludes bibliographical references and index. 7aVirtual computer systems.2BUEsh 7aClient/server computing.2BUEsh 7aBusinessxData processing.2BUEsh bMASIICCSScJuly2020 vReading book9342321 aJacquot, Bryan,eauthor. a7bcbcccopycatd2encipf20gy-gencatlg 2ddccBB 00102ddc40708BaccahaMAINbMAINcLOWd2020-08-16ePurchasel0o005.43 HERp000049440r2025-07-15 00:00:00w2020-08-16yBB